000 00620nam a2200217Ii 4500
003 JO-AjNU
008 230606s9999||||xx |||||||||||||| ||und||
020 _a978-0-7277-5453-8
040 _aJO-AjNU
_beng
_erda
_cJO-AjNU
041 _aeng
050 1 4 _aTE251.T48 2014
100 3 _aThom, Nick,
_eauthor
_95078
245 0 0 _aPrinciples of Pavement Engineering
250 _a2 ed
264 3 1 _aLondon :Ice publishing , 2014
300 _a423p
336 _atext
_btxt
_2rdacontent
337 _aunmediated
_bn
_2rdamedia
338 _avolume
_bnc
_2rdacarrier
650 4 _aPrinciples of Pavement Engineering
_95079
999 _aE2626
_c2624
_d2624